Gazetteer of South India - Vol.I (Record no. 39448)

MARC details
000 -LEADER
fixed length control field 00407nam a2200133Ia 4500
008 - FIXED-LENGTH DATA ELEMENTS--GENERAL INFORMATION
fixed length control field 211109s9999||||xx |||||||||||||| ||und||
082 ## - DEWEY DECIMAL CLASSIFICATION NUMBER
Classification number 915.548
Item number FRA-G
100 ## - MAIN ENTRY--PERSONAL NAME
Personal name Francis, W
245 #0 - TITLE STATEMENT
Title Gazetteer of South India - Vol.I
260 ## - PUBLICATION, DISTRIBUTION, ETC.
Name of publisher, distributor, etc. Mittal
Place of publication, distribution, etc. Delhi
Date of publication, distribution, etc. 1876
630 ## - SUBJECT ADDED ENTRY--UNIFORM TITLE
General subdivision REFERENCE READING ROOM
650 ## - SUBJECT ADDED ENTRY--TOPICAL TERM
Topical term or geographic name entry element HISTORY & GEOGRAPHY
942 ## - ADDED ENTRY ELEMENTS (KOHA)
Koha item type BOOK
650 ## - SUBJECT ADDED ENTRY--TOPICAL TERM
Form subdivision GEOGRAPHY & TRAVEL
General subdivision GEOGRAPHY OF & TRAVEL IN ASIAGeneralia
Holdings
Withdrawn status Lost status Damaged status Not for loan Home library Current library Date acquired Cost, normal purchase price Total Checkouts Full call number Barcode Shelving location Date last seen Price effective from Koha item type
        SB LIBRARY SB LIBRARY 09/11/2021 800.00   915.548 FRA-G 00080992 REFERENCE READING ROOM 09/11/2021 09/11/2021 BOOK

Powered by Koha